000 00501nam a2200169Ia 4500
008 240729s9999 xx 000 0 und d
022 _a2382-1205
245 0 _aJournal of Medical Education and Curricular Development
260 _aUnited Kingdom
260 _bSAGE Publishing
650 _a Medicine (General)
650 _a Special aspects of education | Medicine
650 _aEducation
856 _uhttps://doaj.org/toc/17f082591eeb48e1a0274f3b8a0586ee
942 _2ddc
942 _cDOAJEJ
999 _c67806
_d67806
945 _a1
_bMadushi Gamage
_c1
_dMadushi Gamage